000
00286nam a22001217a 4500
020
_a
9789356349229
082
_a
510
_b
OSW/M
245
_a
CLASS 11, MATHEMATICS
_b
CBSE QUESTION BANK
260
_a
AGRA
_b
OSWAAL BOOKS
300
_a
400
650
_a
CLASS XI, MATHEMATICS
_z
U P
942
_c
BK
999
_c
6870
_d
6870